| 000 | 00397nam a2200169Ia 4500 | ||
|---|---|---|---|
| 008 | 170705s9999 xx 000 0 und d | ||
| 020 | _a439390109 | ||
| 245 | _aGood night, good knight / | ||
| 245 | _cShelley Moore Thomas. | ||
| 260 | _aNew York : | ||
| 260 | _bScholastic, | ||
| 260 | _c2000 | ||
| 300 | _a47 pages : | ||
| 300 | _bcolor illustration ; | ||
| 300 | _c21cm. | ||
| 500 | _aBR | ||
| 999 |
_c335277 _d335277 |
||